La transnacionalización económica y el centro financiero internacional: sus efectos en la política exterior panameña de enero a marzo 1988
সংরক্ষণ করুন:
| প্রধান লেখক: | |
|---|---|
| সংস্থা লেখক: | |
| বিন্যাস: | পাঠ্য |
| প্রকাশিত: |
San José:
s.e.
|
| ট্যাগগুলো: |
ট্যাগ যুক্ত করুন
কোনো ট্যাগ নেই, প্রথমজন হিসাবে ট্যাগ করুন!
|
MARC
| LEADER | 00000 a a2200000 04500 | ||
|---|---|---|---|
| 001 | 23712 | ||
| 003 | |||
| 040 | |||
| 090 | |a 167000 | ||
| 100 | |a Cordero, Francisco | ||
| 110 | |a FLACSO. Diplomado Superior con Enfasis en Relaciones Internacionales. Curso Análisis de Casos de Política Exterior Centroamericana | ||
| 245 | |a La transnacionalización económica y el centro financiero internacional: sus efectos en la política exterior panameña de enero a marzo 1988 | ||
| 260 | |a San José: |b s.e. | ||
| 300 | |a 16 p. | ||
| 999 | |c 6030 |d 6030 | ||
